Football : les meilleurs buteur de l'histoire du PSG - Statistiques

Statistiques générales
  • Ce quiz a été pris 165 fois
  • Le résultat moyen est 9 sur 20
Statistiques - réponses
Classement Pays Nombre de buts Joueur % Correct
1er France 256 Kylian Mbappé
100%
2ème Uruguay 200 Edinson Cavani
97%
3ème Suède 156 Zlatan Ibrahimovic
97%
4ème Brésil 118 Neymar
96%
5ème Portugal 109 Pedro Miguel Pauleta
80%
9ème Argentine 92 Angel Di Maria
72%
14ème Liberia 55 George Weah
67%
20ème France 42 Ousmane Dembélé
62%
11ème Brésil 72 Rai
42%
16ème Brésil 46 Lucas Moura
41%
17ème Argentine 45 Javier Pastore
33%
18ème France 44 David Ginola
27%
13ème France 56 Guillaume Hoarau
25%
7ème Algérie 98 Mustapha Dahleb
22%
15ème Brésil 48 Nenê
22%
10ème Bosnie 85 Safet Susic
22%
6ème France 100 Dominique Rocheteau
17%
12ème Argentine 71 Carlos Bianchi
8%
8ème Congo 95 François M'Pelé
7%
19ème Tchad 43 Nambatingue Toko
4%
Aucun quiz correspondant
Distribution des résultats
% des personnes avec chaque résultat
Percentile par nombre de réponses
Votre historique - résultats
Vous n’avez pas pris ce quiz